Farm Bill.

Joint meeting to consider S. 884, the Agriculture and Food Act of 1981, to extend and revise farm and food programs.

Bibliographic Details
Corporate Author: United States. Congress. House. Committee on Agriculture (other agent associated with work.)
Format: eBook
Language:English
Published: [Washington : U.S. G.P.O.], 1981.
Subjects:
Online Access:Electronic resource (PDF)

MARC

Tag First Indicator Second Indicator Subfields
LEADER 00000cam a22000001i 4500
001 in00004134530
005 20200117091009.0
006 m d f
007 cr bn mmmapmmp
008 091109s1981 dcu o f000 0 eng d
035 |a cis2007529155 
040 |a UMI  |b eng  |e rda  |c UMI  |d UtOrBLW 
110 1 |a United States.  |b Congress.  |b Senate.  |b Committee on Agriculture, Nutrition, and Forestry,  |e issuing body.  |0 http://id.loc.gov/authorities/names/n78080632 
245 1 0 |a Farm Bill. 
264 1 |a [Washington :  |b U.S. G.P.O.],  |c 1981. 
300 |a 50 pages, digital, PDF file. 
336 |a text  |2 rdacontent  |b txt 
337 |a computer  |b c  |2 rdamedia 
338 |a online resource  |2 rdacarrier  |b cr 
500 |a Record is based on bibliographic data in ProQuest Congressional Hearings Digital Collection (last viewed July 2018) Reuse except for individual research requires license from ProQuest, LLC. 
520 |a Joint meeting to consider S. 884, the Agriculture and Food Act of 1981, to extend and revise farm and food programs. 
538 |a System requirements: PDF reader software. 
500 |a Electronic resource. 
610 1 0 |a United States.  |b Department of Agriculture.  |0 http://id.loc.gov/authorities/names/n79008243 
650 0 |a Agriculture.  |0 http://id.loc.gov/authorities/subjects/sh85002415 
650 0 |a Farms.  |0 http://id.loc.gov/authorities/subjects/sh85047299 
710 1 |a United States.  |b Congress.  |b House.  |b Committee on Agriculture,  |e other agent associated with work.  |0 http://id.loc.gov/authorities/names/n81093140 
730 0 |a ProQuest U.S. Congressional Hearings Digital Collection. 
776 0 8 |a United States. Congress. Senate. Committee on Agriculture, Nutrition, and Forestry.  |t Farm Bill.  |o 97 JC-T.30 
856 4 0 |u http://proxy.library.tamu.edu/login?url=http://congressional.proquest.com/congcomp/getdoc?HEARING-ID=HRG-1981-ANF-0037  |y Electronic resource (PDF)  |t 0 
999 f f |s e9a49d26-2c2c-341a-8c4b-031ba961013d  |i 7c177320-3e3d-319d-bb13-fb99640990a6  |t 0 
952 f f |a Texas A&M University  |b College Station  |c Electronic Resources  |d Available Online  |t 0  |h No information provided 
998 f f |t 0  |l Available Online